000
00299nam a2200133Ia 4500
100
_a
Bagad/ Vilas/ Dhotre/ Iresh
942
_c
BK
654
_a
computer
245
_a
Computer Networks & Communication
260
_b
Technical
_c
2001
082
_a
4.6
_b
BAG/DHO
300
_a
251
546
_a
ENGLISH
999
_c
22867
_d
22867